Tilastot visalle Satunnaisia valtioita rajojen mukaan

Klikkaa tästä pelataksesi tätä visaa!

Yleistilastot

  • Tätä visaa on pelattu 657 kertaa
  • Keskiarvotulos 15 / 20

Vastaustilastot

RajatValtio% Oikein
Ranska | Saksa | Luxemburg | AlankomaatBelgia
100%
Kreikka | Pohjois-Makedonia | Romania | Serbia | TurkkiBulgaria
100%
Argentiina | Bolivia | PeruChile
100%
Dominikaaninen tasavaltaHaiti
100%
Valko-Venäjä | Viro | Liettua | VenäjäLatvia
100%
Belgia | Ranska | SaksaLuxemburg | Alankomaat
100%
Suomi | Ruotsi | VenäjäNorja
100%
EspanjaPortugali
100%
ItaliaSan Marino | Vatikaanivaltio
100%
Keski-Afrikan tasavalta | Tšad | Egypti | Eritrea | Etiopia | Libya | Etelä-SudanSudan
100%
Norja | Venäjä | RuotsiSuomi
100%
Valko-Venäjä | Unkari | Moldova | Puola | Romania | Venäjä | SlovakiaUkraina
100%
Latvia | Liettua | Puola | Venäjä | UkrainaValko-Venäjä
100%
Kambodža | Kiina | LaosVietnam
100%
Irlanti | EspanjaYhdistynyt kuningaskunta
100%
Ranska | EspanjaAndorra
95%
Bolivia | Brasilia | Chile | Paraguay | UruguayArgentiina
94%
Kiina | Venäjä | Etelä-KoreaPohjois-Korea
94%
SaksaTanska
94%
Latvia | VenäjäViro
94%
Kanada | MeksikoYhdysvallat
94%
Suomi | NorjaRuotsi
93%
Itävalta | Tšekki | Unkari | Puola | UkrainaSlovakia
93%
Kreikka | Kosovo | Montenegro | Pohjois-MakedoniaAlbania
92%
Itävalta | Ranska | San Marino | Slovenia | Sveitsi | VatikaanivaltioItalia
92%
YhdysvallatKanada
92%
Algeria | Mauritania | EspanjaMarokko
92%
Belize | Guatemala | YhdysvallatMeksiko
92%
Romania | UkrainaMoldova
92%
Kiina | VenäjäMongolia
92%
Argentiina | Bolivia | BrasiliaParaguay
92%
Bulgaria | Unkari | Moldova | Serbia | UkrainaRomania
92%
Itävalta | Kroatia | Romania | Serbia | Slovakia | Slovenia | UkrainaUnkari
92%
Argentiina | BrasiliaUruguay
92%
Kroatia | Montenegro | SerbiaBosnia ja Hertsegovina
90%
Argentiina | Bolivia | Kolumbia | Ranska | Guyana | Paraguay | Peru | Suriname | Uruguay | VenezuelaBrasilia
90%
Guinea | SenegalGuinea-Bissau
90%
Etelä-AfrikkaLesotho
90%
Algeria | LibyaTunisia
90%
Intia | MyanmarBangladesh
89%
Argentiina | Brasilia | Chile | Paraguay | PeruBolivia
89%
Egypti | Jordania | Libanon | SyyriaIsrael
89%
Itävalta | SveitsiLiechtenstein
89%
Itävalta | Belgia | Tšekki | Tanska | Ranska | Luxemburg | Alankomaat | Puola | SveitsiSaksa
89%
Bangladesh | Bhutan | Kiina | Myanmar | Nepal | PakistanIntia
88%
Angola | Botswana | Etelä-Afrikka | SambiaNamibia
88%
Irak | Jordania | Kuwait | Oman | Qatar | Yhdistyneet arabiemiirikunnat | JemenSaudi-Arabia
88%
Bosnia ja Hertsegovina | Unkari | Montenegro | Serbia | SloveniaKroatia
87%
Irak | Saudi-ArabiaKuwait
87%
Kolumbia | Costa RicaPanama
87%
Gambia | Guinea | Guinea-Bissau | Mali | MauritaniaSenegal
87%
Brasilia | Ranska | GuyanaSuriname
87%
Armenia | Azerbaidžan | Venäjä | TurkkiGeorgia
86%
Guatemala | El Salvador | NicaraguaHonduras
86%
Kiina | IntiaBhutan | Nepal
85%
Armenia | Georgia | Iran | Venäjä | TurkkiAzerbaidžan
84%
Andorra | Ranska | Portugali | Marokko | Yhdistynyt kuningaskuntaEspanja
83%
Burkina Faso | Norsunluurannikko | TogoGhana
83%
Iran | Jordania | Kuwait | Saudi-Arabia | Syyria | TurkkiIrak
83%
Laos | Thaimaa | VietnamKambodža
83%
Afganistan | Bhutan | Intia | Kazakstan | Kirgisia | Laos | Mongolia | Myanmar | Nepal | Pohjois-Korea | Pakistan | Venäjä | Tadžikistan | VietnamKiina
83%
Albania | Bosnia ja Hertsegovina | Kroatia | Kosovo | SerbiaMontenegro
83%
Kambodža | Laos | Malesia | MyanmarThaimaa
83%
Kamerun | Keski-Afrikan tasavalta | Libya | Niger | Nigeria | SudanTšad
83%
Botswana | Mosambik | Etelä-Afrikka | SambiaZimbabwe
83%
Pohjois-KoreaEtelä-Korea
82%
Brasilia | Suriname | VenezuelaGuyana
82%
Oman | Saudi-ArabiaJemen | Yhdistyneet arabiemiirikunnat
82%
Algeria | Benin | Burkina Faso | Tšad | Libya | Mali | NigeriaNiger
82%
Bosnia ja Hertsegovina | Bulgaria | Kroatia | Unkari | Kosovo | Montenegro | Pohjois-Makedonia | RomaniaSerbia
82%
Itävalta | Ranska | Italia | Liechtenstein | SaksaSveitsi
82%
RanskaMonaco
80%
Bolivia | Brasilia | Chile | Kolumbia | EcuadorPeru
80%
Djibouti | Etiopia | KeniaSomalia
80%
Armenia | Azerbaidžan | Bulgaria | Georgia | Kreikka | Iran | Irak | SyyriaTurkki
80%
Algeria | Tšad | Egypti | Niger | Sudan | TunisiaLibya
79%
Valko-Venäjä | Latvia | Puola | VenäjäLiettua
79%
Afganistan | Kiina | Intia | IranPakistan
79%
Mosambik | Etelä-AfrikkaSwazimaa
79%
Irak | Israel | Jordania | Libanon | TurkkiSyyria
79%
Kiina | Iran | Pakistan | Tadžikistan | Turkmenistan | UzbekistanAfganistan
78%
Guinea-Bissau | Norsunluurannikko | Liberia | Mali | Senegal | Sierra LeoneGuinea
78%
Kiina | Kirgisia | Venäjä | Turkmenistan | UzbekistanKazakstan
78%
Saudi-Arabia | Yhdistyneet arabiemiirikunnat | JemenOman
78%
Israel | Libya | SudanEgypti
77%
Angola | Burundi | Keski-Afrikan tasavalta | Kongon tasavalta | Ruanda | Etelä-Sudan | Tansania | Uganda | SambiaKongon dem. tasavalta
76%
Brunei | Indonesia | ThaimaaMalesia
76%
Costa Rica | HondurasNicaragua
76%
Burundi | Kongon demokraattinen tasavalta | Tansania | UgandaRuanda
76%
Azerbaidžan | Georgia | Iran | TurkkiArmenia
75%
Burkina Faso | Niger | Nigeria | TogoBenin
75%
Tšekki | Saksa | Unkari | Italia | Liechtenstein | Slovakia | Slovenia | SveitsiItävalta
75%
Irak | Israel | Saudi-Arabia | SyyriaJordania
75%
Etiopia | Somalia | Etelä-Sudan | Tansania | UgandaKenia
75%
Algeria | Mali | Marokko | SenegalMauritania
75%
Burkina Faso | Ghana | Guinea | Liberia | MaliNorsunluurannikko
75%
Itävalta | Saksa | Puola | SlovakiaTšekki
75%
Brasilia | Kolumbia | GuyanaVenezuela
74%
Nicaragua | PanamaCosta Rica
73%
Eritrea | Etiopia | SomaliaDjibouti
73%
Djibouti | Etiopia | SudanEritrea
73%
IndonesiaItä-Timor | Papua-Uusi-Guinea
73%
Albania | Montenegro | Pohjois-Makedonia | SerbiaKosovo
73%
Bangladesh | Kiina | Intia | Laos | ThaimaaMyanmar
73%
Guinea | LiberiaSierra Leone
73%
Kongon demokraattinen tasavalta | Kenia | Ruanda | Etelä-Sudan | TansaniaUganda
73%
Guatemala | MeksikoBelize
72%
Afganistan | Kiina | Kirgisia | UzbekistanTadžikistan
72%
Kolumbia | PeruEcuador
71%
Yhdistynyt kuningaskuntaIrlanti
71%
Itävalta | Kroatia | Italia | UnkariSlovenia
71%
Israel | SyyriaLibanon
70%
Andorra | Belgia | Brasilia | Saksa | Italia | Luxemburg | Monaco | Alankomaat | Espanja | Suriname | SveitsiRanska
70%
Kiina | Kazakstan | Tadžikistan | UzbekistanKirgisia
69%
Algeria | Burkina Faso | Guinea | Norsunluurannikko | Mauritania | Niger | SenegalMali
69%
Valko-Venäjä | Tšekki | Saksa | Liettua | Venäjä | Slovakia | UkrainaPuola
69%
Kamerun | GabonPäiväntasaajan Guinea
68%
HaitiDominikaaninen tasavalta
67%
Guatemala | HondurasEl Salvador
67%
Albania | Bulgaria | Pohjois-Makedonia | TurkkiKreikka
67%
Kambodža | Kiina | Myanmar | Thaimaa | VietnamLaos
67%
Benin | Kamerun | Tšad | NigerNigeria
67%
Albania | Bulgaria | Kreikka | Kosovo | SerbiaPohjois-Makedonia
67%
Saudi-ArabiaQatar
67%
Azerbaidžan | Valko-Venäjä | Kiina | Viro | Suomi | Georgia | Kazakstan | Latvia | Liettua | Mongolia | Pohjois-Korea | Norja | Puola | UkrainaVenäjä
67%
Itä-Timor | Malesia | Papua-Uusi-GuineaIndonesia
64%
Kamerun | Tšad | Kongon demokraattinen tasavalta | Kongon tasavalta | Etelä-Sudan | SudanKeski-Afrikan tasavalta
64%
Afganistan | Iran | Kazakstan | UzbekistanTurkmenistan
64%
SenegalGambia
60%
Brasilia | Ecuador | Panama | Peru | VenezuelaKolumbia
60%
Angola | Kamerun | Keski-Afrikan tasavalta | Kongon demokraattinen tasavalta | GabonKongon tasavalta
60%
Libya | Mali | Mauritania | Marokko | Niger | TunisiaAlgeria
59%
Botswana | Swazimaa | Lesotho | Mosambik | Namibia | ZimbabweEtelä-Afrikka
58%
Djibouti | Eritrea | Kenia | Somalia | Etelä-Sudan | SudanEtiopia
58%
Angola | Botswana | Kongon demokraattinen tasavalta | Malawi | Mosambik | Namibia | Tansania | ZimbabweSambia
57%
Afganistan | Kazakstan | Kirgisia | Tadžikistan | TurkmenistanUzbekistan
57%
Belize | El Salvador | Honduras | MeksikoGuatemala
56%
Kongon demokraattinen tasavalta | Namibia | Kongon tasavalta | SambiaAngola
55%
Benin | Ghana | Norsunluurannikko | Mali | Niger | TogoBurkina Faso
55%
Benin | Burkina Faso | GhanaTogo
55%
Namibia | Etelä-Afrikka | Sambia | ZimbabweBotswana
54%
Mosambik | Tansania | SambiaMalawi
53%
Kongon demokraattinen tasavalta | Ruanda | TansaniaBurundi
50%
Afganistan | Armenia | Azerbaidžan | Irak | Pakistan | Turkki | TurkmenistanIran
50%
Swazimaa | Malawi | Etelä-Afrikka | Tansania | Sambia | ZimbabweMosambik
47%
Keski-Afrikan tasavalta | Kongon demokraattinen tasavalta | Etiopia | Kenia | Sudan | UgandaEtelä-Sudan
44%
Kamerun | Päiväntasaajan Guinea | Kongon tasavaltaGabon
43%
Guinea | Norsunluurannikko | Sierra LeoneLiberia
40%
Burundi | Kongon demokraattinen tasavalta | Kenia | Malawi | Mosambik | Ruanda | Uganda | SambiaTansania
40%
Keski-Afrikan tasavalta | Tšad | Päiväntasaajan Guinea | Gabon | Nigeria | Kongon tasavaltaKamerun
17%

Tulosjakauma

Persentiili vastausten määrän mukaan

Jokaisen tuloksen saaneiden osuus

Tuloshistoriasi

Et ole pelannut tätä visaa